A history of South-East Asia since 1500
Zapisane w:
| 1. autor: | |
|---|---|
| Format: | Książka |
| Język: | Undetermined |
| Wydane: |
Singapore
Oxford University Press
1975
|
| Hasła przedmiotowe: | |
| Etykiety: |
Dodaj etykietę
Nie ma etykietki, Dołącz pierwszą etykiete!
|
| Thư viện lưu trữ: | Trung tâm Học liệu Trường Đại học Cần Thơ |
|---|
| LEADER | 00510nam a2200193Ia 4500 | ||
|---|---|---|---|
| 001 | CTU_92735 | ||
| 008 | 210402s9999 xx 000 0 und d | ||
| 082 | |a 959 | ||
| 082 | |b K45 | ||
| 100 | |a Khoo, Gilbert | ||
| 245 | 2 | |a A history of South-East Asia since 1500 | |
| 245 | 0 | |c Gilbert Khoo | |
| 260 | |a Singapore | ||
| 260 | |b Oxford University Press | ||
| 260 | |c 1975 | ||
| 650 | |a History | ||
| 650 | |z Asia, southeastern | ||
| 904 | |i Bằng | ||
| 980 | |a Trung tâm Học liệu Trường Đại học Cần Thơ | ||